Normal view
MARC view
- A.E. Fitzgerald, Charles Kingsley, Jr., Stephen D. Umans.
Entry Personal Name
001 - CONTROL NUMBER
- control field: 18386
003 - CONTROL NUMBER IDENTIFIER
- control field: NUST
005 - DATE AND TIME OF LATEST TRANSACTION
- control field: 20190723104628.0
008 - FIXED-LENGTH DATA ELEMENTS
- fixed length control field: 190723|| aca||aabn | a|a d
040 ## - CATALOGING SOURCE
- Original cataloging agency: NUST
- Transcribing agency: NUST
100 ## - HEADING--PERSONAL NAME
- Personal name: A.E. Fitzgerald, Charles Kingsley, Jr., Stephen D. Umans.
- Fuller form of name: (Arthur Eugene),
- Dates associated with a name: 1909-
670 ## - SOURCE DATA FOUND
- Source citation: Work cat.: (NUST)0: A.E. Fitzgerald, Charles Kingsley, Jr., Stephen D. Umans. (Arthur Eugene), 1909-, ELECTRIC MACHINERY /, c2003.
